| 000 | 00471nam a2200181Ia 4500 | ||
|---|---|---|---|
| 008 | 230711s9999||||xx |||||||||||||| ||und|| | ||
| 020 | _a978-81-775-8121-8 | ||
| 041 | _aENG | ||
| 082 |
_a5.14 _bDE-S |
||
| 100 | _aDesikan, Srinivasan | ||
| 245 | 0 | _aSoftware Testing : Principle and Practices | |
| 250 | _a1st Impression Ed. | ||
| 260 |
_c2011 _aNew Delhi _bPearson |
||
| 300 | _a486p. | ||
| 650 | _aComputer Engineering | ||
| 700 | _aRamesh,Gopalaswamy | ||
| 942 | _cBK | ||
| 999 |
_c6932 _d6932 |
||